| 000 | 00973cam a2200277Ma 4500 | ||
|---|---|---|---|
| 005 | 20180312142002.0 | ||
| 008 | 100910s1999 ck a gr 000 j spa d | ||
| 020 | _a9580450927 | ||
| 020 | _a9789580450924 | ||
| 040 |
_aCO-BoUCM _bspa _cJose A. Gerena _dJose A. Gerena |
||
| 041 | _aspa | ||
| 100 | 1 |
_aOrlev, Uri _959328 |
|
| 245 | 1 | 0 |
_aMartes peludo _cUri Orlev, Jacky Gleich ; traducción al español de Maria Cristina Gil |
| 260 |
_aBogotá (Colombia) _bNorma _c1999 |
||
| 300 |
_a[32] páginas _bilustraciones a color |
||
| 490 | 1 | _aBuenas noches | |
| 650 | 7 |
_aCuentos ilustrados para niños _937305 |
|
| 650 | 7 |
_aLibros y lectura para niños _918524 |
|
| 650 | 7 |
_aLiteratura infantil israelí _940286 |
|
| 690 |
_942867 _aLiteratura oriental |
||
| 700 | 1 |
_aGil, María Cristina _etraductor _959332 |
|
| 700 | 1 |
_aGleich, Jacky _959331 |
|
| 765 | _tDer haarige dienstag | ||
| 942 |
_a18 _cLIBRO _e1 _mO718m _2DEWEY _h892 _n0 |
||
| 999 |
_c240441 _d240441 |
||